|
|
|
|
| LEADER |
01577nam a2200313 i 4500 |
| 001 |
31134 |
| 003 |
BD-DhAAL |
| 005 |
20230716164502.0 |
| 008 |
160531s2015 bg b 001 0 eng |
| 010 |
|
|
|a 2014359634
|
| 020 |
|
|
|a 9789849146704
|
| 040 |
|
|
|a DLC
|b eng
|e rda
|c DLC
|d DLC
|d BD-DhAAL
|
| 082 |
|
|
|2 22
|a 338.95492
|
| 245 |
0 |
0 |
|a Leading issues in rural development :
|b Bangladesh perspective /
|c edited by Mahabub Hossain, Abdul Bayes.
|
| 264 |
|
1 |
|a Dhaka :
|b A H Development Publishing House,
|c 2015.
|
| 264 |
|
2 |
|a Kolkata :
|b Distributor in India, Paragon Enterprise
|
| 300 |
|
|
|a 290 pages ;
|c 22 cm.
|
| 504 |
|
|
|a Includes bibliographical references and index.
|
| 541 |
|
|
|e 31134, 40338
|a Donated by Akbar Ali Khan
|
| 650 |
|
0 |
|a Economic development
|z Bangladesh.
|9 19651
|
| 650 |
|
0 |
|a Rural development
|z Bangladesh.
|9 19652
|
| 700 |
1 |
|
|a Hossain, Mahabub,
|d 1945-
|e editor.
|9 19653
|
| 700 |
1 |
|
|a Bayes, Abdul,
|e editor.
|9 19654
|
| 852 |
|
|
|a Ayesha Abed Library
|c Akbar Ali Khan Collection
|
| 942 |
|
|
|2 ddc
|c BK
|
| 999 |
|
|
|c 37591
|d 37591
|
| 952 |
|
|
|0 0
|1 0
|2 ddc
|4 0
|6 338_954920000000000_LEA
|7 0
|9 59096
|a BRACUL
|b BRACUL
|c GEN
|d 2016-05-31
|e ESS
|l 3
|m 22
|o 338.95492 LEA
|p 3010031134
|r 2025-09-11
|s 2025-07-07
|t 1
|w 2016-05-31
|y BK
|
| 952 |
|
|
|0 0
|1 0
|2 ddc
|4 0
|6 338_954920000000000_LEA
|7 1
|9 72626
|a BRACUL
|b BRACUL
|c AAKC
|d 2023-01-04
|e Donated by Akbar Ali Khan
|l 0
|o 338.95492 LEA
|p 3010040338
|r 2023-01-04
|t 3
|w 0000-00-00
|y BK
|
| 952 |
|
|
|0 0
|1 0
|2 ddc
|4 0
|6 338_954920000000000_LEA
|7 1
|9 74009
|a BRACUL
|b BRACUL
|c AAKC
|d 2023-07-16
|e Donated by Akbar Ali Khan
|l 0
|o 338.95492 LEA
|p 3010041389
|r 2023-07-16
|t 2
|w 0000-00-00
|y BK
|